000 00321nam a2200145Ia 4500
003 OSt
005 20231211051229.0
008 170523s9999 xx 000 0 und d
020 _a0-13-876475-1
040 _ciimt
100 _aHALABOUR LAWOVAN
245 0 _aSUPERVISION
260 _bTATA MC GRAW HILL
942 _2ddc
_c02
999 _c1665
_d1665